000 00488nam a2200169Ia 4500
005 20250508155946.0
008 008 250505s9999 xx 000 0 eng d
037 _aBooks to be hide in OPAC
040 _aFEDL
_beng
_cFEDL
041 _aeng
_2eng
084 _a379.429, NEW/O
_qFEDL
245 0 _aReport of the minister for education for 1959
245 0 _cParliament of New South Wales
260 _c1960
942 _cHB
_h379.429, NEW/O
999 _c1360438
_d1360438